| 000 | 00549cam a22002291 4500 | ||
|---|---|---|---|
| 001 | sa 63003262 | ||
| 003 | DLC | ||
| 005 | 20260227111940.0 | ||
| 008 | 890914s1962 ii 000 0 hino | ||
| 010 | _asa 63003262 | ||
| 035 | _a(OCoLC)20345386 | ||
| 040 |
_aDLC _cWaU _dDLC |
||
| 042 | _apremarc | ||
| 043 | _aa-ii--- | ||
| 050 | 0 | 0 |
_aDS421.5 _b.A7 |
| 100 | 1 |
_aAnant, Ashfaque Ahemed, _d1919- |
|
| 245 | 1 | 0 | _aSāṃskr̥tika ekatā. |
| 260 | _c[1962] | ||
| 300 |
_a82 p. _c19 cm. |
||
| 500 | _aIn Hindi. | ||
| 651 | 0 |
_aIndia _xCivilization. |
|
| 999 |
_c54990 _d54990 |
||